FERNANDO EL CATOLICO MILITAR (Registro nro. 34834)
[ vista simple ]
| 000 -LEADER | |
|---|---|
| fixed length control field | 00529nam a2200217 a 4500 |
| 001 - CONTROL NUMBER | |
| control field | 34834 |
| 003 - CONTROL NUMBER IDENTIFIER | |
| control field | Mx-PuUPA |
| 005 - DATE AND TIME OF LATEST TRANSACTION | |
| control field | 20260116095609.0 |
| 008 - FIXED-LENGTH DATA ELEMENTS--GENERAL INFORMATION | |
| fixed length control field | 140415s1956 000 0 spa d |
| 040 ## - CATALOGING SOURCE | |
| Transcribing agency | Mx-PuUPA |
| 041 ## - LANGUAGE CODE | |
| Language code of text/sound track or separate title | spa |
| 082 ## - DEWEY DECIMAL CLASSIFICATION NUMBER | |
| Classification number | 946.04 |
| Item number | VIG |
| 100 1# - MAIN ENTRY--PERSONAL NAME | |
| Personal name | VIGON, JORGE |
| 245 10 - TITLE STATEMENT | |
| Title | FERNANDO EL CATOLICO MILITAR |
| 250 ## - EDITION STATEMENT | |
| Edition statement | 2a ed. |
| 260 ## - PUBLICATION, DISTRIBUTION, ETC. | |
| Place of publication, distribution, etc. | [s.l.] : |
| Name of publisher, distributor, etc. | CASTILLA, |
| Date of publication, distribution, etc. | 1956 |
| 300 ## - PHYSICAL DESCRIPTION | |
| Extent | 52 |
| 490 ## - SERIES STATEMENT | |
| Series statement | O. CRECE O.MUERE |
| Volume/sequential designation | 14 |
| 650 14 - SUBJECT ADDED ENTRY--TOPICAL TERM | |
| Topical term or geographic name entry element | ESPAA |
| General subdivision | HISTORIA |
| -- | REYES CATOLICOS, 1479 |
| -- | 1516 |
| 942 ## - ADDED ENTRY ELEMENTS (KOHA) | |
| Source of classification or shelving scheme | Dewey Decimal Classification |
| Koha item type | Libro |
| Withdrawn status | Lost status | Source of classification or shelving scheme | Damaged status | Not for loan | Collection code | Home library | Current library | Shelving location | Date acquired | Source of acquisition | Inventory number | Total Checkouts | Full call number | Barcode | Date last seen | Price effective from | Koha item type |
|---|---|---|---|---|---|---|---|---|---|---|---|---|---|---|---|---|---|
| Dewey Decimal Classification | General | Biblioteca Karol Wojtyla | Biblioteca Karol Wojtyla | Sala general | 03/12/2013 | Compra | 151000000000000000035907 | 946.04 VIG | 5268 | 05/01/2026 | 03/12/2013 | Libro |